Statistiques concernant Classement ligue 2 2009-2010

Cliquez ici pour prendre le quiz!

Statistiques générales

  • Ce quiz a été pris 59 fois
  • Le résultat moyen est 15 sur 20

Statistiques - réponses

HintRéponse% Correct
4eFC Metz
93%
13eAC Ajaccio
87%
15eFC Nantes
87%
19eRC Strasbourg
87%
2eStade Brestois
87%
6eClermont Foot 63
85%
20eSC Bastia
85%
10eNimes Olympique
84%
1erSM Caen
84%
5eAngers SCO
80%
18eEA Guingamp
80%
9eDijon FCO
78%
7eLe Havre AC
78%
3eAC Arles-Avignon
71%
12eCS Sedan
69%
8eStade Lavallois
65%
11eTours FC
62%
16eChateauroux
58%
17eIstres FC
58%
14eVannes OC
33%

Distribution des résultats

Percentile par nombre de réponses

% des personnes avec chaque résultat

Votre développement - résultats

Vous n’avez pas pris ce quiz